000
00241nam a2200097Ia 4500
005
20251222114349.0
008
251222s1900||||xx |||||||||||||| ||spa||
082
_a
DVD0070/C24/2002
245
0
_a
El hijo de la novia:Son of the Bride
942
_c
DVD
999
_c
1152
_d
1152